El mito y la Regilión / (Record no. 80682)

MARC details
000 -LEADER
campo de control de longitud fija 00563nam a2200181 i 4500
001 - NÚMERO DE CONTROL
campo de control 80682
003 - IDENTIFICADOR DE NÚMERO DE CONTROL
campo de control ES-MaACL
005 - FECHA Y HORA DE LA ÚLTIMA TRANSACCIÓN
campo de control 20250822012741.0
007 - CAMPO FIJO DE DESCRIPCIÓN FÍSICA--INFORMACIÓN GENERAL
campo de control de longitud fija t|
008 - DATOS DE LONGITUD FIJA--INFORMACIÓN GENERAL
campo de control de longitud fija 041029s1961 sp ||||1| spa d
100 1# - ENTRADA PRINCIPAL--NOMBRE DE PERSONA
Nombre de persona Hostie, Raymond.
9 (RLIN) 64298
245 13 - MENCIÓN DEL TÍTULO
Título El mito y la Regilión /
Mención de responsabilidad, etc. Raymond Hostie ; [traducción de Antonio Alvarez de Linera Grund].
260 ## - PUBLICACIÓN, DISTRIBUCIÓN, ETC.
Lugar de publicación, distribución, etc. Madrid :
Nombre del editor, distribuidor, etc. Razón y Fé,
Fecha de publicación, distribución, etc. 1961.
300 ## - DESCRIPCIÓN FÍSICA
Extensión 294 p. ;
Dimensiones 22 cm.
700 1# - ENTRADA AGREGADA--NOMBRE PERSONAL
Nombre de persona Álvarez de Linera, Antonio,
Fechas asociadas al nombre 1888-1961
9 (RLIN) 149717
852 ## - LOCALIZACIÓN
Ubicación ES-MaACL
Número de control de estantería C-20976
Sublocalización o colección R.49332
Holdings
Estatus retirado Estado de pérdida Estado de daño No para préstamo Biblioteca de origen Biblioteca actual Ubicación en estantería Fecha de adquisición Fuente de adquisición Total de préstamos Signatura topográfica completa Código de barras Visto por última vez Precio de reemplazo Tipo de ítem Koha
        Biblioteca del Ateneo de Madrid Biblioteca del Ateneo de Madrid Galería 17/01/2008     C-20976 1084352 23/02/2023 23/02/2023 Libro impreso